Statistics for NRL Dally M Winners

Click here to take the quiz!

General Stats

  • This quiz has been taken 422 times
    (408 since last reset)
  • The average score is 9 of 16

Answer Stats

HintAnswer% Correct
2006Cameron Smith
89%
2005 | 2007Johnathan Thurston
87%
2011Billy Slater
80%
1998 | 1999 | 2002Andrew Johns
74%
2009Jarryd Hayne
72%
2012Ben Barba
65%
2010Todd Carney
46%
2008Matt Orford
34%
1996Allan Langer
27%
2001Preston Campbell
22%
2004Danny Buderus
19%
1995Laurie Daley
17%
2000Trent Barrett
8%

Score Distribution

Percentile by Number Answered

Percent of People with Each Score

Your Score History

You have not taken this quiz since the last reset